Top 25 Countries by GDP - Statistics

General Stats
  • This quiz has been taken 57 times
  • The average score is 22 of 25
Answer Stats
GDP Country % Correct
$11,199,145,000,000 China
100%
$4,939,384,000,000 Japan
100%
$1,796,187,000,000 Brazil
98%
$2,465,454,000,000 France
98%
$3,466,757,000,000 Germany
98%
$2,618,886,000,000 United Kingdom
98%
$18,569,100,000,000 United States of America
98%
$1,529,760,000,000 Canada
96%
$2,263,522,000,000 India
95%
$1,849,970,000,000 Italy
95%
$1,232,088,000,000 Spain
95%
$1,045,998,000,000 Mexico
93%
$1,283,162,000,000 Russia
93%
$1,411,246,000,000 South Korea
93%
$545,866,000,000 Argentina
88%
$1,204,616,000,000 Australia
88%
$646,438,000,000 Saudi Arabia
88%
$469,509,000,000 Poland
86%
$857,749,000,000 Turkey
86%
$932,259,000,000 Indonesia
84%
$511,000,000,000 Sweden
80%
$770,845,000,000 Netherlands
79%
$425,326,000,000 Iran
75%
$659,827,000,000 Switzerland
73%
$466,366,000,000 Belgium
70%
No matching quizzes found
Score Distribution
Percent of People with Each Score
Percentile by Number Answered
Your Score History
You have not taken this quiz